01490nam a2200349 a 4500001001200000003000800012006001900020007001500039008004100054010001700095020003100112020002800143040002100171035002100192050002400213082001700237245017800254260007200432300002200504490004300526504006600569533015200635650003900787650002700826655002900853700002100882700002800903700002200931710001700953830004400970856012601014ebr10211347CaPaEBRm u cr cn|||||||||061128s2007 enka sb 001 0 eng  z 2006039300 z9780754647218 (alk. paper) z0754647218 (alk. paper) aCaPaEBRcCaPaEBR a(OCoLC)61448146414aHD60b.M3645 2007eb04a658.4/0822200aManaging corporate social responsibility in actionh[electronic resource] :btalking, doing and measuring /cedited by Frank den Hond, Frank G.A. de Bakker, Peter Neergaard. aAldershot, Hampshire, England ;aBurlington, VT :bAshgate,cc2007. ax, 265 p. :bill.1 aCorporate social responsibility series aIncludes bibliographical references (p. [227]-257) and index. aElectronic reproduction.bPalo Alto, Calif. :cebrary,d2013.nAvailable via World Wide Web.nAccess may be limited to ebrary affiliated libraries. 0aSocial responsibility of business. 0aIndustrial management. 7aElectronic books.2local1 aHond, Frank den.1 aBakker, Frank G. A. de.1 aNeergaard, Peter.2 aebrary, Inc. 0aCorporate social responsibility series.40uhttp://site.ebrary.com/lib/rucke/Doc?id=10211347zAn electronic book accessible through the World Wide Web; click to view